Statistiques concernant Culture Générale - Série 656

Cliquez ici pour prendre le quiz!

Statistiques générales

  • Ce quiz a été pris 170 fois
  • Le résultat moyen est 7 sur 10

Statistiques - réponses

QuestionRéponse% Correct
Au début du "Da Vinci Code", dans quel musée parisien le conservateur est-il assassiné ?Le Louvre
97%
Dans quelle ville se trouve le Colisée, ou amphithéatre Flavien ?Rome
95%
Quel vampire de Transylvanie a inspiré de nombreux réalisateurs, dont Francis Ford Coppola ?Dracula
92%
Quelle cucurbitacée est également un chapeau porté par Charlot, le personnage de Charlie Chaplin ?melon
90%
Quel groupe pop-rock a fait un tube avec le titre "Roxanne" à la fin des années 70 ?The Police
69%
Selon la croyance populaire, en quelle créature fantastique se transforme un lycanthrope ?loup-garou
62%
Quel est le prénom du peintre et lithographe français Toulouse-Lautrec ?Henri
54%
Quelle princesse d'un conte des frères Grimm est l'héroïne d'un film d'animation de Disney, en 2010 ?Raiponce
52%
En 1965, quelle "muse de Saint-Germain-des-Prés" est Laurence, l'héroïne du feuilleton "Belphégor" ?Juliette Gréco
33%
Quel est le nom du guitariste barbu qui accompagnait Dorothée et Jacky dans le "Club Dorothée" ?Corbier
26%

Distribution des résultats

Percentile par nombre de réponses

% des personnes avec chaque résultat

Votre développement - résultats

Vous n’avez pas pris ce quiz